000 00328pam a2200157a 44500
008 230515b2007 xxu||||| |||| 00| 0 eng d
020 _aNULL
041 _aMARATHI
082 _a830 BHO
100 _aSUDHIR BHONGALE
245 _aJALCHINTAN
250 _a1
260 _aNULL
_bNA
_c2007
300 _a412
650 _aNULL
999 _c640968
_d640968